The crisis in economic theory
Wedi'i Gadw mewn:
| Prif Awdur: | |
|---|---|
| Fformat: | Llyfr |
| Iaith: | Undetermined |
| Cyhoeddwyd: |
New York
Basic Books, Inc.
1981
|
| Pynciau: | |
| Tagiau: |
Ychwanegu Tag
Dim Tagiau, Byddwch y cyntaf i dagio'r cofnod hwn!
|
| Thư viện lưu trữ: | Trung tâm Học liệu Trường Đại học Cần Thơ |
|---|
| LEADER | 00436nam a2200169Ia 4500 | ||
|---|---|---|---|
| 001 | CTU_78724 | ||
| 008 | 210402s9999 xx 000 0 und d | ||
| 082 | |a 330.1 | ||
| 082 | |b B433 | ||
| 100 | |a Bell, Daniel | ||
| 245 | 4 | |a The crisis in economic theory | |
| 245 | 0 | |c Daniel Bell | |
| 260 | |a New York | ||
| 260 | |b Basic Books, Inc. | ||
| 260 | |c 1981 | ||
| 650 | |a Economics | ||
| 980 | |a Trung tâm Học liệu Trường Đại học Cần Thơ | ||